000
00272nam a2200109Ia 4500
008
220204s9999 xx 000 0 und d
082
_a
678:541.6
_b
HIG.9
100
_a
Bovey, F A
245
0
_a
Emulsion polymerization
260
_a
New York
_b
Interscience
_c
1955
942
_c
BK
999
_c
20497
_d
20497